<?xml version="1.0" encoding="UTF-8"?>
<record
    xmlns:xsi="http://www.w3.org/2001/XMLSchema-instance"
    xsi:schemaLocation="http://www.loc.gov/MARC21/slim http://www.loc.gov/standards/marcxml/schema/MARC21slim.xsd"
    xmlns="http://www.loc.gov/MARC21/slim">

  <leader>01935    a2200229   4500</leader>
  <controlfield tag="001">54577</controlfield>
  <controlfield tag="005">20260407155819.0</controlfield>
  <controlfield tag="008">260407a1976    arg                 spa d</controlfield>
  <controlfield tag="003">AR-UNSa-BCEJYS</controlfield>
  <datafield tag="040" ind1=" " ind2=" ">
    <subfield code="a">AR-UNSa-BCEJYS</subfield>
    <subfield code="b">spa</subfield>
    <subfield code="c">AR-UNSa-BCEJYS</subfield>
  </datafield>
  <datafield tag="080" ind1=" " ind2=" ">
    <subfield code="a">330.101</subfield>
    <subfield code="x">Ciencia econ&#xF3;mica en general. La econom&#xED;a y sus problemas. Objeto y m&#xE9;todos de la econom&#xED;a pol&#xED;tica </subfield>
  </datafield>
  <datafield tag="245" ind1="1" ind2="0">
    <subfield code="a">Elementos de econom&#xED;a pol&#xED;tica moderna</subfield>
  </datafield>
  <datafield tag="250" ind1=" " ind2=" ">
    <subfield code="a">2a. ed.</subfield>
  </datafield>
  <datafield tag="264" ind1=" " ind2="1">
    <subfield code="a">Buenos Aires :</subfield>
    <subfield code="b">El Coloquio</subfield>
    <subfield code="c">1976</subfield>
  </datafield>
  <datafield tag="300" ind1=" " ind2=" ">
    <subfield code="a">251 p.</subfield>
    <subfield code="c">21 cm.</subfield>
  </datafield>
  <datafield tag="505" ind1=" " ind2=" ">
    <subfield code="a">1. Breve idea acerca del campo que abarca la econom&#xED;a - 2. Los elementos importantes de la econom&#xED;a - 3. &#xC9;tica y econom&#xED;a - 4. Noci&#xF3;n de bienes y servicios econ&#xF3;micos - 5. Noci&#xF3;n de variables y par&#xE1;metros - 6. Distintas clases de variables econ&#xF3;micas - 7. Noci&#xF3;n de equlibrio econ&#xF3;mico - 8. Dos hip&#xF3;tesis distintas para el equilibrio - 9. Noci&#xF3;n de est&#xE1;tica y de din&#xE1;mica - 10. Las unidades econ&#xF3;micas en el universo econ&#xF3;mico - 11. Teor&#xED;a y universo econ&#xF3;mico - 12. Noci&#xF3;n de precios relativos - 13. Competencia y universo te&#xF3;rico - 14. El papel del dinero en el universo te&#xF3;rico - 15. Teor&#xED;a cuantitativa del dinero y universo te&#xF3;rico - 16. Mercado de bienes y de factores - 17. Rendimientos decrecientes - 18. Costos crecientes - 19. Teor&#xED;a y eficiencia - 20. Precios de factores - 21. Teor&#xED;a y comercio internacional - 22. Cr&#xED;tica a la teor&#xED;a del comercio internacional - 23. Teor&#xED;a y demanda - 24. Precio de equilibrio - 25. Universo te&#xF3;rico y equilibrio general - 26. Nociones de microan&#xE1;lisis y macroan&#xE1;lisis - 27. La aproximaci&#xF3;n estructural - 28. Noci&#xF3;n de desarrollo y crecimiento econ&#xF3;mico - 29. Universo econ&#xF3;mico concreto - 30. Una definici&#xF3;n - 31. Teor&#xED;a del valor</subfield>
  </datafield>
  <datafield tag="041" ind1=" " ind2=" ">
    <subfield code="a">spa</subfield>
  </datafield>
  <datafield tag="942" ind1=" " ind2=" ">
    <subfield code="c">BK</subfield>
  </datafield>
  <datafield tag="590" ind1=" " ind2=" ">
    <subfield code="a">niveau_biblio:m niveau_hierar:0</subfield>
  </datafield>
  <datafield tag="100" ind1="1" ind2=" ">
    <subfield code="a">Argentato, Nicol&#xE1;s</subfield>
  </datafield>
  <datafield tag="700" ind1="1" ind2=" ">
    <subfield code="a">Asociaci&#xF3;n de Economistas Argentinos</subfield>
  </datafield>
  <datafield tag="999" ind1=" " ind2=" ">
    <subfield code="c">5652</subfield>
    <subfield code="d">5652</subfield>
  </datafield>
  <datafield tag="952" ind1=" " ind2=" ">
    <subfield code="0">0</subfield>
    <subfield code="1">0</subfield>
    <subfield code="4">0</subfield>
    <subfield code="7">0</subfield>
    <subfield code="a">BCEJYS</subfield>
    <subfield code="b">BCEJYS</subfield>
    <subfield code="c">16</subfield>
    <subfield code="d">2026-04-07</subfield>
    <subfield code="l">0</subfield>
    <subfield code="o">330.101 A688</subfield>
    <subfield code="p">L53212</subfield>
    <subfield code="r">2026-04-07 15:58:19</subfield>
    <subfield code="w">2026-04-07</subfield>
    <subfield code="y">L</subfield>
  </datafield>
</record>
